[Event "Konnerud CC-ch"]
[Site "Konnerud"]
[Date "2020.01.08"]
[Round "1"]
[White "Hellenes, Andre Tsolis"]
[Black "Heibo, Gunnar Ivan"]
[Result "1/2-1/2"]
[WhiteElo "1668"]
[BlackElo "1251"]
[PlyCount "78"]
[EventDate "2020.01.08"]
[EventType "swiss"]
[EventRounds "6"]
[EventCountry "NOR"]
[SourceTitle "EXT 2024"]
[Source "ChessBase"]
[SourceDate "2023.10.10"]
[SourceVersion "1"]
[SourceVersionDate "2023.10.10"]
[SourceQuality "1"]

1. d4 e6 2. c4 d5 3. Nf3 b6 4. Nc3 Bb7 5. cxd5 exd5 6. Bf4 Nf6 7. e3 Nbd7 8. Bd3 Be7 9. h3 0-0 10. Rc1 c5 11. dxc5 bxc5 12. 0-0 Nh5 13. Bh2 h6 14. Bb1 Nhf6 15. Qe2 Qb6 16. Rfd1 Bd6 17. Bxd6 Qxd6 18. Qd3 Ne5 19. Nxe5 Qxe5 20. Qb5 Qc7 21. Na4 c4 22. b3 Rac8 23. Bf5 Rcd8 24. Rd4 Rd6 25. bxc4 Ba6 26. Qb4 Rc6 27. c5 Rb8 28. Qc3 Bb5 29. Bc2 g6 30. Bb3 Rc8 31. Qb4 Bxa4 32. Bxa4 Rxc5 33. Rxc5 Qxc5 34. Qxc5 Rxc5 35. Bb3 g5 36. Ra4 a5 37. g4 Kf8 38. Kg2 Ke7 39. Rd4 Kd6 1/2-1/2

[Event "Konnerud NGP"]
[Site "Konnerud"]
[Date "2019.11.24"]
[Round "3"]
[White "Engedal, Jo Fronsdal"]
[Black "Heibo, Gunnar Ivan"]
[Result "1-0"]
[WhiteElo "1480"]
[BlackElo "1261"]
[PlyCount "72"]
[EventDate "2019.11.23"]
[EventType "swiss"]
[EventRounds "5"]
[EventCountry "NOR"]
[SourceTitle "EXT 2024"]
[Source "ChessBase"]
[SourceDate "2023.10.10"]
[SourceVersion "1"]
[SourceVersionDate "2023.10.10"]
[SourceQuality "1"]

1. d4 e6 2. Nf3 d5 3. Bf4 c5 4. e3 Nc6 5. c3 Qb6 6. Qb3 Nf6 7. Nbd2 cxd4 8. exd4 Na5 9. Qxb6 axb6 10. Bc7 Nd7 11. Bb5 Nc6 12. Ne5 Ndxe5 13. dxe5 Bd7 14. Bxc6 bxc6 15. Bxb6 Rb8 16. Bd4 Rxb2 17. Nb3 c5 18. Nxc5 Bxc5 19. Bxc5 Bb5 20. a4 Bd3 21. a5 Rb1+ 22. Rxb1 Bxb1 23. Kd2 Ba2 24. a6 Kd7 25. Ra1 Bc4 26. a7 Ra8 27. Rb1 Kc6 28. Rb8 Rxa7 29. Bxa7 g6 30. Rf8 f5 31. exf6 e5 32. f7 d4 33. Rc8+ Kb7 34. Rxc4 Kxa7 35. Rb4 dxc3+ 36. Kc2 Ka6 1-0